Регионална библиотека "Любен Каравелов" - Русе

Интереси и обществено настроение (Запис номер 155574)

MARC детайли
000 -Лидер
Контролно поле с фиксирана дължина 01021nam a2200289 c 4500
003 - Код на организацията, давaща контролен номер
Контролно поле BLK
005 - Дата и час на последна редакция
Контролно поле 20180420234229.0
008 - Елементи от данни с фиксирана дължина
fixed length control field 180410b bul|||||r ||||||| ||bul||
010 ## - Наследен системен номер
LC control number KNG00162254000
040 ## - Източник на каталожния запис
Идентификатор на билиотеката - собственик на записа BLK
041 ## - Код за език
Код за езика на текст/звукозапис или на отделно заглавие Български
Код за езика КДБФ Български
080 ## - УДК
Текстов определител УДК Обществено съзнание
УДК код - определител по УДК 316.63
УДК определител
УДК - код + определител 316.63
100 1# - Редна дума - Автор
Автор Стефанов, Наньо
Авторска отговорност първи автор
R(LIN) 332911
139 ## - Редно поле
Редна дума Стефанов, Наньо
Авторски знак Сте - С 75
245 10 - Сведения за заглавието
Заглавие Интереси и обществено настроение
Подзаглавни данни Изследване
Редно поле (дума) Наньо Стефанов.
257 ## - Страна на издаване
Страна на създаване/издаване България
260 ## - Област на издателските данни
-- София
Име на издателя, разпространителя и проч. Партиздат
Година на издаване 1988
300 ## - Физическа характеристика
Страници 231 с.
Размери/Мащаб 18 см
380 ## - Жанр
Жанр Обществени науки
500 ## - Общи забележки
Забележка Библиогр. с. 215-228.
650 #4 - Допълнително описание по предмет – тема
Основно описание – тема или топоним Обществено мнение
9 (RLIN) 254886
852 ## - Местоположение
Форматна сигнатура Цб I 24152
856 4# - Електронен адрес и достъп
Електронен формат pdf - файл
Път до файла /url/
856 4# - Електронен адрес и достъп
Електронен формат pdf - файл
Път до файла /url/
942 ## - АРТИКУЛИ
Вид на библиотечния материал Книги
Скрит в OPAC Не
944 ## - СЪЗДАВАНЕ И РЕДАКЦИЯ на ЗАПИСА
Създаване/Редакция Създаване
Дата на регистрацията/редакция 19.06.2014
Статус, дата на статуса 19.06.2014 - от С1,Р / 19.06.2014
Служител, извършил регистрацията/редакцията Геновева_Генчева
944 ## - СЪЗДАВАНЕ И РЕДАКЦИЯ на ЗАПИСА
Създаване/Редакция Редакция
Дата на регистрацията/редакция 19.06.2014
Статус, дата на статуса 19.06.2014 - от С1,Р / 19.06.2014
Служител, извършил регистрацията/редакцията
999 ## - СИСТЕМНИ КОНТРОЛНИ НОМЕРА
Koha biblionumber 155574
Koha biblioitemnumber 155574
Наличности
Код за отписване Код за изгубен артикул Източник на класификационната схема Код за повреда Коз за рестрикции Код за отдаване Артикулен № Име на библиотеката - собственик Име на библиотеката, в която се намира в момента Статус (Текущо местоположение) Дата на вписване в системата Местоположение - отдел Цена в лева Инвентарен номер Систематично азбучна сигнатура Баркод Номер на екземпляра Цена в евро Служебна бележка Служебен тип на артикула
  Не е изгубен Universal Decimal Classification Не е повреден само за читалня ползва се в читалня 260886 Регионална библиотека "Любен Каравелов" Русе Регионална библиотека "Любен Каравелов" Русе Хранилище 1988-01-01 Хранилище 1.26 510375 Цб I 24152 120000510375 1 0.64 N: стар фонд Дата: 01.01.1988 Книги
Изтеглен Не е изгубен Universal Decimal Classification Не е повреден без рестрикции заемане за дома 260887 Регионална библиотека "Любен Каравелов" Русе Регионална библиотека "Любен Каравелов" Русе Заемна - подръчен фонд 1988-01-01 Заемна - подръчен фонд 1.26 512079 П 316.6/С 75 512079 2 0.64 Дост: Pk Вид: Ф N: стар фонд Дата: 01.01.1988 Дата инв: 02.02.2018 Бележки инв: П2018 Книги
Vip Innovations Ltd, Rousse, Bulgaria 2025